000 00645nam a2200277Ia 4500
005 20260324132222.0
008 008 260324s9999 xx 000 0 eng d
020 _a9781315275420
037 _aEBOOK
040 _aCRL
040 _beng
040 _cCRL
041 _2eng
041 _aeng
084 _qCRL
100 _aLarry Rabinowitz
_91156498
245 0 _aElementary Probability with Applications
260 _bTaylor and Francis
260 _c2005
365 _a
365 _b195
856 _uhttp://www.taylorfrancis.com/books/9781315275420
942 _cEBOOK
999 _c1786373
_d1786373